00425nam a2200157Ia 45000010006000000050017000060080041000230410008000640820022000721000045000942450075001392600009002143000028002236500008002516540008002592454420260414151050.0260414t2017||||xx |||||||||||||| ||spa|| aESP a345.72bR93C 2017 aRuiz Caro Muñóz, Pedro Alberto eAUT 0aCasuística pericial contable :bel porqué y el cómo del peritaje c2017 a325 páginas :c24 cm. aDER aCDE